Límites habitables : estrategia urbano-arquitectónica para la integración socio-espacial, límite Quebrada Herrera
Сохранить в:
| Главный автор: | |
|---|---|
| Другие авторы: | |
| Формат: | |
| Язык: | Spanish |
| Опубликовано: |
[San José, Costa Rica]
2018
|
| Предметы: |
DISEÑO ARQUITECTONICO - QUEBRADA HERRERA (SAN JOSE, COSTA RICA)
> DISEÑO URBANO - ASPECTOS SOCIALES - QUEBRADA HERRERA (SAN JOSE, COSTA RICA)
> ESPACIO (ARQUITECTURA) - ASPECTOS AMBIENTALES - QUEBRADA HERRERA (SAN JOSE, COSTA RICA)
> BIOMIMETICA
> ECOSISTEMAS
> ALAJUELITA (SAN JOSE, COSTA RICA) - LIMITES
> ESCAZU (SAN JOSE, COSTA RICA) - LIMITES
> NATURALEZA - INFLUENCIA SOBRE LOS SERES HUMANOS
> PARTICIPACION COMUNITARIA
> PROTECCION DEL PAISAJE - QUEBRADA HERRERA (SAN JOSE, COSTA RICA) - DISEÑOS Y PLANOS
|
| Метки: |
Добавить метку
Нет меток, Требуется 1-ая метка записи!
|
MARC
| LEADER | 00000nam a22000007a 4500 | ||
|---|---|---|---|
| 003 | EA0226 | ||
| 005 | 20230302154519.0 | ||
| 008 | 181009b2018 cr a|||| |m|| 00| ||spa d | ||
| 040 | |c cru CEDI | ||
| 090 | |a TFG EA-226 | ||
| 100 | |9 14228 |a Sánchez Víctor, Alejandra | ||
| 245 | |a Límites habitables : estrategia urbano-arquitectónica para la integración socio-espacial, límite Quebrada Herrera | ||
| 260 | |a [San José, Costa Rica] |c 2018 | ||
| 300 | |a xix, 138 páginas : ilustraciones a color, mapas y planos a color | ||
| 500 | |a Proyecto de graduación (licenciatura en arquitectura)--Universidad de Costa Rica. Facultad de Ingeniería. Escuela de Arquitectura | ||
| 501 | |a Director de Proyecto de Graduación: Arq. Rodolfo Molina Granados | ||
| 650 | |x DISEÑO ARQUITECTONICO - QUEBRADA HERRERA (SAN JOSE, COSTA RICA) |x DISEÑO URBANO - ASPECTOS SOCIALES - QUEBRADA HERRERA (SAN JOSE, COSTA RICA) |x ESPACIO (ARQUITECTURA) - ASPECTOS AMBIENTALES - QUEBRADA HERRERA (SAN JOSE, COSTA RICA) |x BIOMIMETICA |x ECOSISTEMAS |x ALAJUELITA (SAN JOSE, COSTA RICA) - LIMITES |x ESCAZU (SAN JOSE, COSTA RICA) - LIMITES |x NATURALEZA - INFLUENCIA SOBRE LOS SERES HUMANOS |x PARTICIPACION COMUNITARIA |x PROTECCION DEL PAISAJE - QUEBRADA HERRERA (SAN JOSE, COSTA RICA) - DISEÑOS Y PLANOS |9 14229 | ||
| 700 | |9 66 |a Molina Granados, Rodolfo, 1950- |d Director del TFG | ||
| 942 | |c CEDI | ||
| 999 | |c 20948 |d 20948 | ||
